000 00504nam a2200169Ia 4500
008 151021s9999 xx 000 0 und d
020 _a73515086
050 _aHQ 796 .T344 2007
245 _a_Taking Sides Clashing views in Adolescence / Maureen Drysdale
260 _aNew York : McGraw Hill, 2007
300 _axxiv,407 p.
500 _aIncludes index
500 _aIncludes index
650 _a_clashing views in adolescence
700 _a_BJ Rye
980 _a^d20140604 01:30:37^omwanik
999 _c14922
_d14922